Click to Translate - Icelandic - Statistics

General Stats
  • This quiz has been taken 3,183 times
  • The average score is 12 of 20
Answer Stats
Hint Answer % Correct
Ice Ís
91%
Ship Skip
79%
Church Kirkja
78%
Month Mánuður
78%
Fifteen Fimmtán
76%
Airport Flugvöllur
75%
We Við
75%
Nose Nef
74%
Water Vatn
61%
Goodbye Bless
56%
What Hvað
55%
Chicken Kjúklingur
55%
Winter Vetur
55%
Near Nálægt
53%
Tuesday þriðjudagur
52%
Nurse Hjúkrunarfræðingur
47%
White Hvítur
43%
Run Hlaupa
41%
Tall Hár
32%
Computer Tölva
23%
No matching quizzes found
Score Distribution
Percent of People with Each Score
Percentile by Number Answered
Your Score History
You have not taken this quiz